Samburtaab ng'aleekaab Kaleenchin = Kalenjin dictionary / (Record no. 13796)
[ view plain ]
| 000 -LEADER | |
|---|---|
| fixed length control field | 00654cam a22002052 4500 |
| 001 - CONTROL NUMBER | |
| control field | 0000020663 |
| 005 - DATE AND TIME OF LATEST TRANSACTION | |
| control field | 20151217155908.0 |
| 008 - FIXED-LENGTH DATA ELEMENTS--GENERAL INFORMATION | |
| fixed length control field | 110930s xx 000 0 eng d |
| 020 ## - INTERNATIONAL STANDARD BOOK NUMBER | |
| International Standard Book Number | 9966769730 : |
| 040 ## - CATALOGING SOURCE | |
| Original cataloging agency | KABU |
| Transcribing agency | KABU |
| 100 1# - MAIN ENTRY--PERSONAL NAME | |
| Personal name | Seroney, Kibny'aanko. |
| -- | 0000181149 |
| 245 10 - TITLE STATEMENT | |
| Title | Samburtaab ng'aleekaab Kaleenchin = Kalenjin dictionary / |
| Statement of responsibility, etc. | Kibny'aanko Seroney. |
| 250 ## - EDITION STATEMENT | |
| Edition statement | 1st ed. |
| 260 ## - PUBLICATION, DISTRIBUTION, ETC. (IMPRINT) | |
| Place of publication, distribution, etc. | Nairobi : |
| Name of publisher, distributor, etc. | MvuleAfrica, |
| Date of publication, distribution, etc. | 2009. |
| 300 ## - PHYSICAL DESCRIPTION | |
| Extent | [12], 595 p. |
| 650 #0 - SUBJECT ADDED ENTRY--TOPICAL TERM | |
| Topical term or geographic name as entry element | Kalenjin language |
| Form subdivision | Dictionaries. |
| General subdivision | English. |
| -- | 0000181150 |
| 852 1# - LOCATION | |
| -- | p1500 KES |
| 908 ## - PUT COMMAND PARAMETER (RLIN) | |
| Put command parameter | 110930 |
| 950 ## - LOCAL HOLDINGS (RLIN) | |
| -- | 1 |
| Withdrawn status | Lost status | Source of classification or shelving scheme | Not for loan | Home library | Current library | Date acquired | Total Checkouts | Full call number | Barcode | Date last seen | Date last checked out | Price effective from | Koha item type |
|---|---|---|---|---|---|---|---|---|---|---|---|---|---|
| Library of Congress Classification | Kabarak, Main Campus | Kabarak, Main Campus | 17/12/2015 | 1 | PL8349.4 .S47 2009 c. 1 | 19403 | 15/03/2016 | 03/03/2016 | 17/12/2015 | Africana Collection | |||
| Library of Congress Classification | Not For Loan | Kabarak, Main Campus | Kabarak, Main Campus | 17/12/2015 | PL8349.4 .S47 2009 c. 3 | 19407 | 17/12/2015 | 17/12/2015 | Reference | ||||
| Library of Congress Classification | Not For Loan | Kabarak, Main Campus | Kabarak, Main Campus | 17/12/2015 | PL8349.4 .S47 2009 c. 2 | 19396 | 17/12/2015 | 17/12/2015 | Reference | ||||
| Library of Congress Classification | Not For Loan | Kabarak, Nakuru City Campus | Kabarak, Nakuru City Campus | 17/12/2015 | PL8349.4 .S47 2009 c. 1 | 025958 | 10/08/2018 | 17/12/2015 | Reference |